| 000 | 00566nam a22001817a 4500 | ||
|---|---|---|---|
| 005 | 20221107092856.0 | ||
| 040 | _curs | ||
| 050 | _aDS 668 S26 [19--] | ||
| 100 |
_92833 _aSantos, Teresita O. _eauthor |
||
| 245 |
_aKasaysayan at pamahalaan ng Pilipinas _cTeresita O. Santos |
||
| 260 |
_aQuezon City _bNew Horizon Publications _c[19--] |
||
| 336 |
_2rdacontent _atext _btxt |
||
| 337 |
_2rdamedia _aunmediated _bn |
||
| 338 |
_2rdacarrier _3volume _bnc |
||
| 651 | 0 |
_92834 _aPhilippines _xHistory |
|
| 651 | 0 |
_92831 _aPhilippines _xPolitics and government |
|
| 942 |
_2lcc _cF |
||
| 999 |
_c59236 _d59236 |
||